000 00269nam a22001097a 4500
008 170104b xxu||||| |||| 00| 0 eng d
020 _a9780130990754
041 _aeng
080 _23RD
_a618.2
245 _aMEICAL SURGICAL NURSING
_cLEMONE, P & BURKE, K
942 _2udc
_cBK
999 _c2534
_d2534